| 000 | 01234cam a2200349 i 4500 | ||
|---|---|---|---|
| 003 | EG-ScBUE | ||
| 005 | 20240917101348.0 | ||
| 008 | 150816t2006 njua f b 001 0 eng d | ||
| 020 | _a0131679953 | ||
| 020 | _a9780131679955 | ||
| 040 |
_aEG-ScBUE _beng _erda _cEG-ScBUE _dEG-ScBUE |
||
| 082 | 0 | 4 |
_a511 _bGOO _222 |
| 100 | 1 |
_aGoodaire, Edgar G., _eauthor. _933860 |
|
| 245 | 1 | 0 |
_aDiscrete mathematics with graph theory / _cEdgar G. Goodaire, Memorial University of Newfoundland, Michael M. Parmenter, Memorial University of Newfoundland. |
| 250 | _aThird edition. | ||
| 264 | 1 |
_aUpper Saddle River, New Jersey : _bPrentice Hall, _c[2006] |
|
| 264 | 4 | _cc2006 | |
| 300 |
_a1 volume (various pagings) : _billustrations ; _c25 cm |
||
| 336 |
_2rdacontent _atext _btxt |
||
| 337 |
_aunmediated _2rdamedia _bn |
||
| 338 |
_avolume _bnc _2rdacarrier |
||
| 504 | _aIncludes bibliographical references and index. | ||
| 590 | _aMohamed Hussein | ||
| 650 | 7 |
_aMathematics. _2BUEsh |
|
| 650 | 7 |
_aComputer science _xMathematics. _2BUEsh |
|
| 650 | 7 |
_aGraph theory. _2BUEsh |
|
| 651 | _2BUEsh | ||
| 653 |
_bENGGEN _cAugust2015 |
||
| 655 | _vReading book | ||
| 700 | 1 |
_aParmenter, Michael M., _eauthor. _933864 |
|
| 942 |
_cBB _2ddc |
||
| 999 |
_c5178 _d5178 |
||